Finance supplement (Record no. 74772)

MARC details
000 -LEADER
fixed length control field 01218cab a2200241 4500
001 - CONTROL NUMBER
control field ##ABS68647
008 - FIXED-LENGTH DATA ELEMENTS--GENERAL INFORMATION
fixed length control field 050127n2004 000 0 eng u
035 ## - SYSTEM CONTROL NUMBER
System control number (Sirsi) u128651
041 0# - LANGUAGE CODE
Language code of text/sound track or separate title eng
100 1# - MAIN ENTRY--PERSONAL NAME
Personal name Whitmore, J.
245 00 - TITLE STATEMENT
Title Finance supplement
260 ## - PUBLICATION, DISTRIBUTION, ETC.
Date of publication, distribution, etc. 2004
490 #0 - SERIES STATEMENT
Series statement Property Week
Volume/sequential designation 12 November 2004 (30) (LOAN)
520 ## - SUMMARY, ETC.
Summary, etc. Series of articles on different aspects of property finance, starting with "Ten reasons why everyone wants a piece of property" on the popularity of the property sector. "Do the REIT thing, Mr Brown" on the expectation that the Chancellor will announce the introduction of US-style REITs in his pre-budget report. The success of flexible leases and small units is discussed in "Flexi-time". "The quiet Americans" looks at the work of US developers in the UK while "Australian rules" reports on three Australian property development and construction companies looking to establish themselves in the UK.
590 ## - LOCAL NOTE (RLIN)
Local note ABS
651 #4 - SUBJECT ADDED ENTRY--GEOGRAPHIC NAME
Geographic name United Kingdom
Chronological subdivision
690 ## - LOCAL SUBJECT ADDED ENTRY--TOPICAL TERM (OCLC, RLIN)
Topical term or geographic name as entry element PROPERTY-PROPERTY FINANCE AND INVESTMENT-REAL ESTATE INVESTMENT TRUSTS
700 1# - ADDED ENTRY--PERSONAL NAME
Personal name Waples, J.
700 1# - ADDED ENTRY--PERSONAL NAME
Personal name Mackenzie, P.
700 1# - ADDED ENTRY--PERSONAL NAME
Personal name Danaher, T.
700 1# - ADDED ENTRY--PERSONAL NAME
Personal name Marriott, R.
942 ## - ADDED ENTRY ELEMENTS (KOHA)
Suppress in OPAC 0
Holdings
Withdrawn status Lost status Source of classification or shelving scheme Damaged status Not for loan Home library Current library Shelving location Date acquired Total Checkouts Full call number Barcode Date last seen Copy number Price effective from Koha item type
    Dewey Decimal Classification     London London Journal article 27/01/2005   ABS68647 30067585 06/08/2019 1 06/08/2019 Journal article